Producción de mercancías por medio de mercancías (Registro nro. 3975)
[ vista simple ]
| 000 -LEADER | |
|---|---|
| fixed length control field | 01406 a2200229 4500 |
| 001 - CONTROL NUMBER | |
| control field | 45575 |
| 005 - DATE AND TIME OF LATEST TRANSACTION | |
| control field | 20260407155728.0 |
| 008 - FIXED-LENGTH DATA ELEMENTS--GENERAL INFORMATION | |
| fixed length control field | 260407a1965 arg spa d |
| 003 - CONTROL NUMBER IDENTIFIER | |
| control field | AR-UNSa-BCEJYS |
| 040 ## - CATALOGING SOURCE | |
| Original cataloging agency | AR-UNSa-BCEJYS |
| Language of cataloging | spa |
| Transcribing agency | AR-UNSa-BCEJYS |
| 080 ## - UNIVERSAL DECIMAL CLASSIFICATION NUMBER | |
| Universal Decimal Classification number | 338.3 |
| Common auxiliary subdivision | Producción |
| 041 ## - LANGUAGE CODE | |
| Language code of text/sound track or separate title | spa |
| 100 1# - MAIN ENTRY--PERSONAL NAME | |
| Personal name | Sraffa, Piero |
| 245 10 - TITLE STATEMENT | |
| Title | Producción de mercancías por medio de mercancías |
| Name of part/section of a work | preludio a una crítica de la Teoría Económica |
| 264 #1 - PRODUCTION, PUBLICATION, DISTRIBUTION, MANUFACTURE, AND COPYRIGHT NOTICE | |
| Place of production, publication, distribution, manufacture | Barcelona : |
| Name of producer, publisher, distributor, manufacturer | Oikos-tau |
| Date of production, publication, distribution, manufacture, or copyright notice | 1965 |
| 300 ## - PHYSICAL DESCRIPTION | |
| Extent | 137 p. |
| Dimensions | 21 cm. |
| 505 ## - FORMATTED CONTENTS NOTE | |
| Formatted contents note | Parte I : INDUSTRIAS DE PRODUCTOS SIMPLES Y CAPITAL CIRCULANTE : 1. Producción de subsistencia – 2. Producción con un excédete – 3. Producciones entre el trabajo y los medios de producción – 4. La mercancía patrón – 5. Carácter único del sistema patrón – 6. Reducción a cantidades de trabajo fechadas - - Parte II : INDUSTRIAS DE PRODUCTOS MÚLTIPLES Y CAPITAL FIJO : 7. Producción conjunta – 8. El sistema patrón con productos conjuntos – 9. Otros efectos de la producción conjunta – 10. Capital fijo – 11. Tierra - - Parte III : DESPLAZAMIENTO EN LOS MÉTODOS DE PRODUCCIÓN : 12. Desplazamiento en los métodos de producción. |
| 590 ## - LOCAL NOTE (RLIN) | |
| Local note | niveau_biblio:m niveau_hierar:0 |
| 700 1# - ADDED ENTRY--PERSONAL NAME | |
| Personal name | Rojo Duque, Luis Ángel |
| 856 41 - ELECTRONIC LOCATION AND ACCESS | |
| Uniform Resource Identifier | <a href="https://www.biblioeco.unsa.edu.ar/pmb/images/libros/L26737.jpg">https://www.biblioeco.unsa.edu.ar/pmb/images/libros/L26737.jpg</a> |
| Link text | Imagen de portada |
| Electronic format type | image/jpeg |
| 942 ## - ADDED ENTRY ELEMENTS (KOHA) | |
| Koha item type | |
| Withdrawn status | Lost status | Damaged status | Not for loan | Home library | Current library | Shelving location | Date acquired | Total checkouts | Full call number | Barcode | Date last seen | Price effective from | Koha item type |
|---|---|---|---|---|---|---|---|---|---|---|---|---|---|
| Biblioteca Prof. Eusebio Cleto del Rey | Biblioteca Prof. Eusebio Cleto del Rey | 07/04/2026 | 338.3 S774 | L26737 | 07/04/2026 | 07/04/2026 | Libro |